Bezpečnosť elektrických zariadení. Príručka ku skúške odbornej spôsobilosti podľa vyhlášky č. 718/2002 Z.z.

Salvato in:
Dettagli Bibliografici
Autore principale: Bojna, Ivan, 1942- (Autore)
Natura: Libro
Lingua:slovacco
Pubblicazione: Bratislava : STU v Bratislave FEI, 2006
Edizione:9.upr.a dopl.vyd.
Soggetti:
Tags: Aggiungi Tag
Nessun Tag, puoi essere il primo ad aggiungerne!!

MARC

LEADER 00000nam a22000003a 4500
001 stu122757
005 20220504130505.4
008 060704s2006----xo------------------slo-d
040 |a STU  |b slo 
041 0 |a slo 
044 |a xo 
080 |a 621.3  |7 stu_us_auth*stu8325 
080 |a 331.86  |7 stu_us_auth*stu7993 
084 |a B0120  |2 INS 
100 1 |a Bojna, Ivan,  |d 1942-  |4 aut  |u E040  |U FEI Fakulta elektrotechniky a informatiky  |T FEI Ústav elektrotechniky  |X 2197  |U E040  |Y 550  |7 A000002197 
242 0 0 |a Textbook for the Professional Examination According to Notice No. 718/2002  |y eng 
245 1 |a Bezpečnosť elektrických zariadení. Príručka ku skúške odbornej spôsobilosti podľa vyhlášky č. 718/2002 Z.z. 
250 |a 9.upr.a dopl.vyd. 
260 |a Bratislava :  |b STU v Bratislave FEI,  |c 2006 
300 |a 183 s 
650 7 |a bezpečnosť v elektrotechnike  |2 stusub 
996 |b 284EB00496  |c E*Zs-1416  |l EE01  |s A  |a 24  |w stu122757_0001